00724nam a2200193 a 450000100100000000500170001000800410002704000250006810000290009324500700012226000690019230000420026150000320030350000250033550500200036045000280038095201050040899900170051300003994920201002033827.0130731s1987 dr ac 000 0 spa d aDO-SdBNPbspacBNPHU1 aMorrison, Ramón91744710aLegislación educativa dominicana 1844-1985 /cRamón Morrison. aSanto Domingo :bUniversidad Autónoma de Santo Domingo,c1987. av.(217) p. ; :bil., retrs. ;c28 cm. aLa biblioteca posee el v. 1 aTexto a dos columnas0 av. 1t1844-1930 aBibliografía : p. 217 0010718PDaPDbPDcCTd2013-07-31iLF1l0o p39949-10r2020-06-25w2020-06-25yLFPDZNo se presta c39439d39439